Normal view
MARC view
- Uncle Tom (Fictitious character)
Entry Topical Term
001 - CONTROL NUMBER
- control field: 46458
003 - CONTROL NUMBER IDENTIFIER
- control field: OSt
005 - DATE AND TIME OF LATEST TRANSACTION
- control field: 20221021132720.0
008 - FIXED-LENGTH DATA ELEMENTS
- fixed length control field: 221021|| aca||aabn | a|a d
040 ## - CATALOGING SOURCE
- Original cataloging agency: OSt
- Transcribing agency: OSt
150 ## - HEADING--TOPICAL TERM
- Topical term or geographic name entry element: Uncle Tom (Fictitious character)
- Form subdivision: Fiction.
670 ## - SOURCE DATA FOUND
- Source citation: Work cat.: (OSt): Stowe, Harriet Beecher. 46457, Uncle Tom's cabin /, ©2019.
